[Event "BL2-West 2223"]
[Site "Germany"]
[Date "2023.03.19"]
[Round "10.3"]
[White "Dubiel, Jacek"]
[Black "Wegerle, Joerg"]
[Result "1-0"]
[WhiteElo "2379"]
[BlackElo "2411"]
[PlyCount "137"]
[EventDate "2022.10.22"]
[EventType "team-tourn"]
[EventRounds "10"]
[EventCountry "GER"]
[SourceTitle "EXT 2024"]
[Source "ChessBase"]
[SourceDate "2023.10.10"]
[SourceVersion "1"]
[SourceVersionDate "2023.10.10"]
[SourceQuality "1"]
[WhiteTeam "Oberursel"]
[BlackTeam "Solingen II"]
[WhiteTeamCountry "GER"]
[BlackTeamCountry "GER"]

1. e4 e5 2. d4 exd4 3. Nf3 Nf6 4. e5 Ne4 5. Qxd4 d5 6. exd6 Nxd6 7. Nc3 Nc6 8. Qf4 Be7 9. Bd2 Be6 10. 0-0-0 Bf6 11. Bd3 Qd7 12. Ne4 Nxe4 13. Bxe4 Qe7 14. Ng5 Bxg5 15. Qxg5 Qxg5 16. Bxg5 0-0 17. Rhe1 Rfe8 18. Re3 h6 19. Bf4 Re7 20. h4 a5 21. Bxc6 bxc6 22. a4 Kf8 23. b3 Ke8 24. Be5 g6 25. Bf6 Rd7 26. Red3 Ra6 27. Bd4 Ra8 28. Bf6 Ra6 29. Rxd7 Bxd7 30. Bg7 h5 31. Re1+ Be6 32. Re5 Kd7 33. Rc5 Kd6 34. Bd4 Bd5 35. f3 f6 36. Rc3 Ke7 37. Re3+ Be6 38. Bc5+ Kf7 39. Rd3 Ra8 40. Be3 Ke7 41. Bf4 Ra7 42. Rc3 Kd7 43. Rc5 Ra8 44. Bd2 Kd6 45. Rxa5 Rxa5 46. Bxa5 g5 47. hxg5 fxg5 48. Bd2 g4 49. Bf4+ Kd7 50. Kd2 c5 51. Bg3 gxf3 52. gxf3 Bf5 53. c3 Kc6 54. b4 cxb4 55. cxb4 Be6 56. Kc3 Bd5 57. f4 Be4 58. Kc4 Bd5+ 59. Kd4 Bb3 60. a5 Bc2 61. Ke5 Kb5 62. Bf2 Bd3 63. f5 h4 64. Bxh4 c5 65. f6 Bc4 66. a6 Kxa6 67. bxc5 Kb7 68. Kd6 Kc8 69. Ke7 1-0

[Event "BL2-West 2223"]
[Site "Germany"]
[Date "2023.02.26"]
[Round "8.3"]
[White "Hoffmann, Michael"]
[Black "Wegerle, Joerg"]
[Result "1/2-1/2"]
[WhiteElo "2408"]
[BlackElo "2411"]
[PlyCount "105"]
[EventDate "2022.10.22"]
[EventType "team-tourn"]
[EventRounds "10"]
[EventCountry "GER"]
[SourceTitle "EXT 2024"]
[Source "ChessBase"]
[SourceDate "2023.10.10"]
[SourceVersion "1"]
[SourceVersionDate "2023.10.10"]
[SourceQuality "1"]
[WhiteTeam "Siegburg"]
[BlackTeam "Solingen II"]
[WhiteTeamCountry "GER"]
[BlackTeamCountry "GER"]

1. c4 Nf6 2. Nf3 e6 3. g3 b6 4. Bg2 Bb7 5. 0-0 c5 6. Nc3 Be7 7. d4 cxd4 8. Qxd4 Nc6 9. Qf4 0-0 10. Rd1 a6 11. Nd5 exd5 12. cxd5 Nb4 13. d6 Nc2 14. Rb1 Re8 15. dxe7 Qxe7 16. e3 Be4 17. Bd2 Nd5 18. Qh4 Qxh4 19. Nxh4 Bxg2 20. Nxg2 Rac8 21. Nf4 Nxf4 22. gxf4 Rc4 23. Bc3 Na3 24. Rbc1 Nb5 25. Rxd7 h6 26. Bd2 Rxc1+ 27. Bxc1 Rc8 28. Bd2 Rc2 29. a4 Nc7 30. Bc3 Ne6 31. Rb7 Nc5 32. Rxb6 Nxa4 33. Rb8+ Kh7 34. Bd4 Rc6 35. Rb7 f6 36. Rb4 Rc1+ 37. Kg2 Nc5 38. Bc3 Rc2 39. Rd4 Kg6 40. Kf3 Nb3 41. Rd3 a5 42. e4 a4 43. f5+ Kh5 44. e5 fxe5 45. Bxe5 Kg5 46. Bxg7 Kxf5 47. Bc3 Ke6 48. h3 Nc5 49. Rd2 Rxd2 50. Bxd2 Nd3 51. Bc3 Kf5 52. Kg3 h5 53. f3 1/2-1/2

[Event "AUT-chT2W 2223"]
[Site "Austria"]
[Date "2022.09.24"]
[Round "2.4"]
[White "Wegerle, Joerg"]
[Black "Hausner, Ivan"]
[Result "1/2-1/2"]
[WhiteElo "2409"]
[BlackElo "2266"]
[PlyCount "60"]
[EventDate "2022.09.23"]
[EventType "team-tourn"]
[EventRounds "11"]
[EventCountry "AUT"]
[SourceTitle "CBM 210 Extra"]
[Source "ChessBase"]
[SourceDate "2022.11.30"]
[SourceVersion "1"]
[SourceVersionDate "2022.11.30"]
[SourceQuality "1"]
[WhiteTeam "Absam"]
[BlackTeam "Mayrhofen/Zillertal"]
[WhiteTeamCountry "AUT"]
[BlackTeamCountry "AUT"]

1. d4 Nf6 2. Bf4 d6 3. Nc3 Nbd7 4. Nf3 g6 5. Qd2 c6 6. e4 Qa5 7. e5 dxe5 8. dxe5 Nd5 9. Ne4 Qxd2+ 10. Bxd2 Bg7 11. c4 Nc7 12. Bc3 Ne6 13. 0-0-0 Ndc5 14. Nxc5 Nxc5 15. b4 Ne6 16. g3 c5 17. b5 b6 18. Bg2 Bb7 19. Kb2 Rd8 20. Nh4 Bxg2 21. Rxd8+ Kxd8 22. Nxg2 Ng5 23. f4 Ne4 24. Rd1+ Kc8 25. Ne3 e6 26. Kc2 h5 27. Be1 f5 28. h4 Rd8 29. Rxd8+ Kxd8 30. Nd1 Bf8 1/2-1/2

[Event "Bundesliga 2122"]
[Site "Germany"]
[Date "2022.07.09"]
[Round "13.3"]
[White "Fedorchuk, Sergey A"]
[Black "Wegerle, Joerg"]
[Result "1/2-1/2"]
[WhiteElo "2604"]
[BlackElo "2404"]
[PlyCount "91"]
[EventDate "2022.03.05"]
[EventType "team-tourn"]
[EventRounds "15"]
[EventCountry "GER"]
[SourceTitle "CBM 209 Extra"]
[Source "ChessBase"]
[SourceDate "2022.09.30"]
[SourceVersion "1"]
[SourceVersionDate "2022.09.30"]
[SourceQuality "1"]
[WhiteTeam "Viernheim"]
[BlackTeam "Solingen"]
[WhiteTeamCountry "GER"]
[BlackTeamCountry "GER"]

1. e4 e5 2. Bc4 Nc6 3. d3 Nf6 4. Nf3 Bc5 5. 0-0 d6 6. c3 0-0 7. Re1 a6 8. Bb3 Bb6 9. h3 Ne7 10. Nbd2 Ng6 11. Nf1 Re8 12. Ng3 Be6 13. Bc2 d5 14. Ng5 Bd7 15. exd5 h6 16. N5e4 Nxd5 17. Bb3 Be6 18. Qf3 Ndf4 19. Bxf4 exf4 20. Nh5 Qh4 21. d4 Rad8 22. Nd2 Bxb3 23. Nxb3 c6 24. Qg4 Qg5 25. Nd2 Qxg4 26. hxg4 Kf8 27. Kf1 Bc7 28. Nb3 b6 29. a4 Rxe1+ 30. Rxe1 Rd5 31. f3 Rg5 32. Nd2 Ne7 33. c4 f5 34. Kf2 fxg4 35. fxg4 Rxg4 36. Nf3 Kf7 37. Re4 Ng6 38. b4 Nf8 39. d5 cxd5 40. cxd5 Bd6 41. Rc4 Nd7 42. Rc6 Bb8 43. Rc8 Bd6 44. Rc6 Bb8 45. Rc8 Bd6 46. Rc6 1/2-1/2

[Event "GER-CupT 2122 Round2 (4)"]
[Site "Soegel"]
[Date "2022.05.22"]
[Round "2.4"]
[White "Wegerle, Joerg"]
[Black "Meier, Georg"]
[Result "1/2-1/2"]
[WhiteElo "2405"]
[BlackElo "2632"]
[PlyCount "60"]
[EventDate "2022.05.21"]
[EventType "team-k.o."]
[EventRounds "2"]
[EventCountry "GER"]
[SourceTitle "EXT 2023"]
[Source "ChessBase"]
[SourceDate "2022.10.05"]
[SourceVersion "1"]
[SourceVersionDate "2022.10.05"]
[SourceQuality "1"]
[WhiteTeam "Solingen"]
[BlackTeam "Baden-Baden"]
[WhiteTeamCountry "GER"]
[BlackTeamCountry "GER"]

1. d4 Nf6 2. Bg5 d5 3. Bxf6 exf6 4. e3 Bd6 5. c4 dxc4 6. Bxc4 0-0 7. Nc3 Nd7 8. Qf3 c5 9. Nge2 cxd4 10. exd4 f5 11. h3 Nf6 12. 0-0 a6 13. Rad1 Rb8 14. Bb3 g6 15. Nf4 Kg7 16. Nfd5 b5 17. Nxf6 Qxf6 18. Rfe1 Bd7 19. Nd5 Qg5 20. Ne3 a5 21. Bd5 Rfc8 22. Re2 Qf4 23. Qxf4 Bxf4 24. g3 Bd6 25. f4 Rc7 26. Kf2 Rbc8 27. Bf3 Be6 28. Bd5 Bd7 29. Bf3 Be6 30. Bd5 Bd7 1/2-1/2

[Event "Bundesliga 1920 final"]
[Site "Karlsruhe"]
[Date "2020.09.19"]
[Round "5.8"]
[White "Wegerle, Joerg"]
[Black "Grafl, Florian"]
[Result "1-0"]
[WhiteElo "2401"]
[BlackElo "2353"]
[PlyCount "125"]
[EventDate "2020.09.16"]
[EventType "team-tourn"]
[EventRounds "7"]
[EventCountry "GER"]
[SourceTitle "CBM 198 Extra"]
[Source "ChessBase"]
[SourceDate "2020.11.30"]
[SourceVersion "1"]
[SourceVersionDate "2020.11.30"]
[SourceQuality "1"]
[WhiteTeam "Solingen"]
[BlackTeam "Bayern Muenchen"]
[WhiteTeamCountry "GER"]
[BlackTeamCountry "GER"]

1. e4 d5 2. exd5 Qxd5 3. Nc3 Qd6 4. d4 Nf6 5. Nf3 c6 6. Ne5 Nbd7 7. Nc4 Qc7 8. Qf3 Nb6 9. Bf4 Qd8 10. Be5 Be6 11. Ne3 g6 12. 0-0-0 Bh6 13. Kb1 Bxe3 14. Qxe3 Ng4 15. Qe1 Nxe5 16. Qxe5 0-0 17. Bd3 Nd5 18. Nxd5 Qxd5 19. Qxd5 Bxd5 20. Rhe1 Rfe8 21. f3 Rad8 22. b3 Rd6 23. Kb2 Be6 24. Bc4 Bxc4 25. bxc4 e6 26. Rd3 Red8 27. Kc3 R8d7 28. a4 Kf8 29. a5 Ke7 30. Rb1 a6 31. Rbd1 Kd8 32. Kb4 Kc7 33. Kc5 Rd8 34. Rb1 R6d7 35. f4 h5 36. g3 Kb8 37. c3 Ka8 38. Re3 Rh8 39. Re5 Rc8 40. h3 Kb8 41. g4 hxg4 42. hxg4 Rh8 43. f5 exf5 44. gxf5 gxf5 45. Kb6 c5 46. Kxc5 Rh3 47. Kb4 f4 48. Rf1 Re3 49. Rf5 f3 50. R1xf3 Rxf3 51. Rxf3 Kc8 52. d5 Kd8 53. Kc5 Rc7+ 54. Kd4 Rd7 55. c5 Kc7 56. c4 f6 57. Rxf6 Rh7 58. c6 b6 59. axb6+ Kxb6 60. c5+ Kc7 61. Rf4 a5 62. Kc4 a4 63. Kb5 1-0

[Event "Bundesliga 1920 final"]
[Site "Karlsruhe"]
[Date "2020.09.17"]
[Round "3.7"]
[White "Kovalenko, Igor"]
[Black "Wegerle, Joerg"]
[Result "1-0"]
[WhiteElo "2645"]
[BlackElo "2401"]
[PlyCount "79"]
[EventDate "2020.09.16"]
[EventType "team-tourn"]
[EventRounds "7"]
[EventCountry "GER"]
[SourceTitle "CBM 198 Extra"]
[Source "ChessBase"]
[SourceDate "2020.11.30"]
[SourceVersion "1"]
[SourceVersionDate "2020.11.30"]
[SourceQuality "1"]
[WhiteTeam "Viernheim"]
[BlackTeam "Solingen"]
[WhiteTeamCountry "GER"]
[BlackTeamCountry "GER"]

1. d4 d5 2. Nf3 e6 3. e3 c5 4. b3 Nf6 5. Bd3 Be7 6. 0-0 0-0 7. Bb2 Nc6 8. a3 b6 9. Nbd2 Bb7 10. Qe2 a5 11. Ne5 cxd4 12. Nxc6 Bxc6 13. Bxd4 Nd7 14. f4 f5 15. g4 Nc5 16. Nf3 Rc8 17. Rf2 Be8 18. Rg2 Nxd3 19. cxd3 fxg4 20. Ne5 Bf6 21. Qxg4 Qe7 22. h4 Bg6 23. h5 Bf5 24. Qe2 h6 25. Kh1 Rc7 26. Rag1 Rfc8 27. Qb2 Qe8 28. Ng6 Bxd3 29. Bxf6 Be4 30. Qe5 Bxg2+ 31. Rxg2 Rc1+ 32. Kh2 R8c2 33. Bh4 Rxg2+ 34. Kxg2 Kf7 35. f5 Qc6 36. fxe6+ Ke8 37. Qb8+ Qc8 38. Qd6 Qc2+ 39. Bf2 Qe4+ 40. Kg3 1-0

[Event "BL2-West 1920"]
[Site "Germany"]
[Date "2020.01.19"]
[Round "5.2"]
[White "Zatonskih, Anna"]
[Black "Wegerle, Joerg"]
[Result "1/2-1/2"]
[WhiteElo "2425"]
[BlackElo "2401"]
[PlyCount "41"]
[EventDate "2019.09.19"]
[EventType "team-tourn"]
[EventRounds "9"]
[EventCountry "GER"]
[SourceTitle "EXT 2023"]
[Source "ChessBase"]
[SourceDate "2022.10.05"]
[SourceVersion "1"]
[SourceVersionDate "2022.10.05"]
[SourceQuality "1"]
[WhiteTeam "Bochum"]
[BlackTeam "Solingen II"]
[WhiteTeamCountry "GER"]
[BlackTeamCountry "GER"]

1. d4 Nf6 2. c4 c6 3. Nf3 d5 4. Nbd2 g6 5. e3 Bg7 6. Be2 0-0 7. 0-0 Bg4 8. h3 Bxf3 9. Nxf3 Nbd7 10. b3 Ne4 11. Bb2 e6 12. Bd3 f5 13. Qe2 Qf6 14. Rfe1 Rae8 15. Ne5 Nxe5 16. dxe5 Qh4 17. Rad1 g5 18. f3 Nc5 19. Qf2 Qxf2+ 20. Kxf2 Nxd3+ 21. Rxd3 1/2-1/2

[Event "BL2-West 1920"]
[Site "Germany"]
[Date "2019.12.08"]
[Round "4.4"]
[White "Wegerle, Joerg"]
[Black "Cioara, Andrei Nestor"]
[Result "1/2-1/2"]
[WhiteElo "2401"]
[BlackElo "2417"]
[PlyCount "41"]
[EventDate "2019.09.19"]
[EventType "team-tourn"]
[EventRounds "9"]
[EventCountry "GER"]
[SourceTitle "EXT 2023"]
[Source "ChessBase"]
[SourceDate "2022.10.05"]
[SourceVersion "1"]
[SourceVersionDate "2022.10.05"]
[SourceQuality "1"]
[WhiteTeam "Solingen II"]
[BlackTeam "Remagen Sinzig"]
[WhiteTeamCountry "GER"]
[BlackTeamCountry "GER"]

1. d4 e6 2. Nc3 d5 3. Bf4 Nf6 4. e3 a6 5. Nf3 c5 6. Be2 Nc6 7. 0-0 b5 8. Ne5 Nxe5 9. Bxe5 Be7 10. Bf3 Bb7 11. dxc5 Bxc5 12. Bxf6 Qxf6 13. e4 Bd4 14. exd5 Bxc3 15. bxc3 0-0 16. dxe6 Bxf3 17. exf7+ Rxf7 18. Qxf3 Qxf3 19. gxf3 Rxf3 20. a4 bxa4 21. Rxa4 1/2-1/2

[Event "POR-chT"]
[Site "Evora"]
[Date "2019.07.16"]
[Round "2.2"]
[White "Wegerle, Joerg"]
[Black "Galego, Luis"]
[Result "1/2-1/2"]
[WhiteElo "2411"]
[BlackElo "2513"]
[PlyCount "78"]
[EventDate "2019.07.15"]
[EventType "team-tourn"]
[EventRounds "9"]
[EventCountry "POR"]
[SourceTitle "CBM 191 Extra"]
[Source "ChessBase"]
[SourceDate "2019.09.30"]
[SourceVersion "1"]
[SourceVersionDate "2019.09.30"]
[SourceQuality "1"]
[WhiteTeam "Coimbra"]
[BlackTeam "Assembleia Figueirense"]
[WhiteTeamCountry "POR"]
[BlackTeamCountry "POR"]

1. d4 Nf6 2. Nf3 e6 3. c3 c5 4. Bg5 cxd4 5. cxd4 Nc6 6. Nc3 d5 7. Rc1 h6 8. Bd2 Bd6 9. e3 0-0 10. Bd3 e5 11. dxe5 Nxe5 12. Nxe5 Bxe5 13. 0-0 d4 14. exd4 Qxd4 15. Be3 Qh4 16. g3 Qh3 17. f3 Re8 18. Bf2 Bd7 19. Bb5 Rad8 20. Bxd7 Rxd7 21. Qc2 Red8 22. Rfd1 Bxc3 23. Rxd7 Qxd7 24. bxc3 Qd5 25. Kg2 Ng4 26. Bd4 Ne5 27. Qe2 Nc6 28. Rd1 Qe6 29. Qxe6 fxe6 30. f4 Nxd4 31. cxd4 Rc8 32. Rd2 Rc3 33. Kh3 Ra3 34. Kg4 Ra5 35. Kf3 Kf7 36. Rc2 Kf6 37. Ke4 b6 38. g4 Ke7 39. f5 Kd6 1/2-1/2

[Event "POR CupT qf 41st"]
[Site "Evora"]
[Date "2019.07.14"]
[Round "6.1"]
[White "Wegerle, Joerg"]
[Black "Perez Candelario, Manuel"]
[Result "0-1"]
[WhiteElo "2411"]
[BlackElo "2628"]
[PlyCount "82"]
[EventDate "2019.01.12"]
[EventType "team-k.o."]
[EventRounds "6"]
[EventCountry "POR"]
[SourceTitle "EXT 2020"]
[Source "ChessBase"]
[SourceDate "2019.10.17"]
[SourceVersion "1"]
[SourceVersionDate "2019.10.17"]
[SourceQuality "1"]
[WhiteTeam "Coimbra"]
[BlackTeam "Montemor o Novo"]
[WhiteTeamCountry "POR"]
[BlackTeamCountry "POR"]

1. d4 f5 2. Nc3 Nf6 3. Bg5 d5 4. e3 e6 5. Nf3 Nbd7 6. Be2 Be7 7. h3 0-0 8. Bxf6 Nxf6 9. Ne5 c5 10. 0-0 Bd7 11. a3 Rc8 12. Qd2 Be8 13. f4 Qb6 14. Rab1 Bd6 15. Rfd1 Rc7 16. Bf3 h6 17. Ne2 c4 18. g4 fxg4 19. hxg4 g5 20. fxg5 Bxe5 21. gxf6 Bxf6 22. Rf1 Rg7 23. Nf4 Bg5 24. Rf2 Qd6 25. Be2 h5 26. Rbf1 hxg4 27. Qb4 Qxb4 28. axb4 Rf6 29. Rg2 Bxf4 30. Rxf4 Rxf4 31. exf4 g3 32. Bf3 Kf7 33. Re2 Ba4 34. Kg2 Kf6 35. Kh3 Kf5 36. Kg2 Bd7 37. Re5+ Kxf4 38. c3 Rh7 39. Bh5 Rh6 40. Kg1 Ba4 41. Bf7 Bc2 0-1

[Event "POR CupT qf 41st"]
[Site "Evora"]
[Date "2019.07.13"]
[Round "5.1"]
[White "Spraggett, Kevin"]
[Black "Wegerle, Joerg"]
[Result "1-0"]
[WhiteElo "2511"]
[BlackElo "2411"]
[PlyCount "131"]
[EventDate "2019.01.12"]
[EventType "team-k.o."]
[EventRounds "6"]
[EventCountry "POR"]
[SourceTitle "EXT 2020"]
[Source "ChessBase"]
[SourceDate "2019.10.17"]
[SourceVersion "1"]
[SourceVersionDate "2019.10.17"]
[SourceQuality "1"]
[WhiteTeam "Portugal/Atlantidiagonal"]
[BlackTeam "Coimbra"]
[WhiteTeamCountry "POR"]
[BlackTeamCountry "POR"]

1. e4 e5 2. Nf3 Nf6 3. Nxe5 d6 4. Nf3 Nxe4 5. Nc3 Nxc3 6. dxc3 Be7 7. Be3 Nc6 8. Qd2 Be6 9. 0-0-0 Qd7 10. Kb1 Bf6 11. Bg5 Bxg5 12. Nxg5 0-0-0 13. Nxe6 Qxe6 14. g3 Rhe8 15. Bg2 Qf5 16. f4 Re7 17. Rhe1 Rde8 18. Rxe7 Rxe7 19. Re1 Rxe1+ 20. Qxe1 Kd7 21. b3 Qc5 22. Kb2 a5 23. a4 b6 24. Qd1 Qf5 25. Bf3 Qc5 26. Bd5 Nd8 27. Qg4+ Ke8 28. Be4 g6 29. Bd3 d5 30. f5 Qe7 31. Qd4 Qd6 32. Qh8+ Ke7 33. Qxh7 g5 34. Qh5 Qf6 35. Qf3 Kd6 36. h4 Nc6 37. h5 Ne5 38. Qe2 c5 39. g4 Ke7 40. Kb1 Kf8 41. c4 Qd6 42. cxd5 Qxd5 43. Bb5 Qd4 44. h6 Kg8 45. Qg2 Kh7 46. Qa8 Qd1+ 47. Kb2 Qd4+ 48. Ka2 Nxg4 49. f6 Qxf6 50. Bd3+ Kxh6 51. Qe4 Kh5 52. Qh1+ Nh2 53. Qxh2+ Kg4 54. Bb5 Qd4 55. Qg2+ Kh4 56. Qh2+ Kg4 57. Be2+ Kf5 58. Qh7+ Kf6 59. Bc4 g4 60. Qxf7+ Kg5 61. Qe7+ Kf4 62. Qh4 Qc3 63. Bd3 c4 64. Qf2+ Kg5 65. Qf5+ Kh4 66. Bxc4 1-0

[Event "Bundesliga 1819"]
[Site "Germany"]
[Date "2019.03.10"]
[Round "13.6"]
[White "Kukov, Velislav"]
[Black "Wegerle, Joerg"]
[Result "1/2-1/2"]
[WhiteElo "2362"]
[BlackElo "2405"]
[PlyCount "41"]
[EventDate "2018.11.10"]
[EventType "team-tourn"]
[EventRounds "15"]
[EventCountry "GER"]
[SourceTitle "CBM 189 Extra"]
[Source "ChessBase"]
[SourceDate "2019.06.03"]
[SourceVersion "1"]
[SourceVersionDate "2019.06.03"]
[SourceQuality "1"]
[WhiteTeam "Augsburg"]
[BlackTeam "Solingen"]
[WhiteTeamCountry "GER"]
[BlackTeamCountry "GER"]

1. Nf3 d5 2. g3 Nf6 3. Bg2 c6 4. 0-0 Bg4 5. d4 Nbd7 6. Nbd2 e6 7. Re1 Be7 8. e4 dxe4 9. Nxe4 Nxe4 10. Rxe4 Bf5 11. Re1 0-0 12. c3 Qb6 13. Qb3 h6 14. Nd2 a5 15. Ne4 a4 16. Qxb6 Nxb6 17. Bf4 Ra7 18. Bd6 Bxe4 19. Bxe7 Re8 20. Bc5 Bxg2 21. Bxb6 1/2-1/2

[Event "AUT-chT2W 1819"]
[Site "Austria"]
[Date "2018.12.09"]
[Round "5.2"]
[White "Wegerle, Joerg"]
[Black "Barseghyan, Harutyun"]
[Result "1/2-1/2"]
[WhiteElo "2405"]
[BlackElo "2466"]
[PlyCount "64"]
[EventDate "2018.10.12"]
[EventType "team-tourn"]
[EventRounds "11"]
[EventCountry "AUT"]
[SourceTitle "CBM 189 Extra"]
[Source "ChessBase"]
[SourceDate "2019.06.03"]
[SourceVersion "1"]
[SourceVersionDate "2019.06.03"]
[SourceQuality "1"]
[WhiteTeam "Absam"]
[BlackTeam "Neumarkt"]
[WhiteTeamCountry "AUT"]
[BlackTeamCountry "AUT"]

1. Nf3 d5 2. g3 Nf6 3. Bg2 c6 4. b3 Bg4 5. Bb2 Nbd7 6. 0-0 e6 7. d3 Be7 8. Nbd2 0-0 9. c4 a5 10. a3 Bd6 11. Qc2 e5 12. h3 Bh5 13. e4 dxe4 14. dxe4 Re8 15. Rfe1 Qb6 16. Bc3 Bc5 17. Nf1 Bg6 18. Nh4 Bd4 19. Nxg6 hxg6 20. Rab1 Nf8 21. Bxd4 Qxd4 22. Red1 Qa7 23. Qc3 Qb8 24. Ne3 Ne6 25. c5 Qa7 26. b4 Nd4 27. Rd2 Nb5 28. Qb2 axb4 29. axb4 Qa3 30. Nc4 Qxb2 31. Rbxb2 Ra1+ 32. Kh2 Rc1 1/2-1/2

[Event "EU-Cup 34th"]
[Site "Porto Carras"]
[Date "2018.10.12"]
[Round "1.4"]
[White "Wegerle, Joerg"]
[Black "Arnott, Jonathan"]
[Result "1-0"]
[WhiteElo "2405"]
[BlackElo "2116"]
[PlyCount "69"]
[EventDate "2018.10.12"]
[EventType "team-swiss"]
[EventRounds "7"]
[EventCountry "GRE"]
[SourceTitle "CBM 187"]
[Source "ChessBase"]
[SourceDate "2018.12.11"]
[SourceVersion "1"]
[SourceVersionDate "2018.12.11"]
[SourceQuality "1"]
[WhiteTeam "Solingen SG"]
[BlackTeam "White Rose"]
[WhiteTeamCountry "GER"]
[BlackTeamCountry "ENG"]

1. c4 Nf6 2. Nf3 c6 3. b3 d5 4. Bb2 g6 5. g3 Bg7 6. Bg2 0-0 7. 0-0 Na6 8. d3 dxc4 9. bxc4 Qa5 10. Qd2 Qh5 11. Qg5 Bh3 12. Qxh5 Nxh5 13. Nc3 Bxg2 14. Kxg2 b5 15. cxb5 cxb5 16. Rab1 Rab8 17. Nd5 Rb7 18. Ba3 Re8 19. Rfc1 e6 20. Ne7+ Kh8 21. Nc8 Bf8 22. Bxf8 Rxf8 23. Nd6 Rb6 24. Nxb5 Rfb8 25. a4 Kg7 26. Ne5 R8b7 27. Nc4 Rc6 28. Ncd6 Rxc1 29. Rxc1 Rd7 30. Nc8 Nf6 31. Ncxa7 Nd5 32. d4 Ndb4 33. Nc6 Nd5 34. e4 Nb6 35. Ne5 1-0

[Event "BL2-West 1718"]
[Site "Germany"]
[Date "2018.02.25"]
[Round "7.1"]
[White "Pruijssers, Roeland"]
[Black "Wegerle, Joerg"]
[Result "1/2-1/2"]
[WhiteElo "2512"]
[BlackElo "2425"]
[PlyCount "57"]
[EventDate "2017.10.08"]
[EventType "team-tourn"]
[EventRounds "9"]
[EventCountry "GER"]
[SourceTitle "CBM 183 Extra"]
[Source "ChessBase"]
[SourceDate "2018.04.19"]
[SourceVersion "1"]
[SourceVersionDate "2018.04.19"]
[SourceQuality "1"]
[WhiteTeam "Aachen DJK"]
[BlackTeam "Solingen"]
[WhiteTeamCountry "GER"]
[BlackTeamCountry "GER"]

1. e4 e5 2. Nf3 Nf6 3. Nxe5 d6 4. Nf3 Nxe4 5. d4 d5 6. Bd3 Bf5 7. 0-0 Be7 8. Re1 0-0 9. Nbd2 Nd6 10. Nf1 c6 11. Ng3 Bxd3 12. Qxd3 Na6 13. Bd2 Re8 14. b3 Bf6 15. Rxe8+ Nxe8 16. Re1 g6 17. h4 Nac7 18. h5 Ng7 19. Ne5 Bxe5 20. Rxe5 Qd7 21. Bg5 Re8 22. Bf6 Rxe5 23. Bxe5 Nce8 24. Qf3 Qe7 25. Bxg7 Nxg7 26. hxg6 hxg6 27. Qf4 Ne6 28. Qb8+ Kg7 29. Qe5+ 1/2-1/2

[Event "Hastings Masters op 93rd"]
[Site "Hastings"]
[Date "2018.01.05"]
[Round "9"]
[White "Byron, Alan M"]
[Black "Wegerle, Joerg"]
[Result "0-1"]
[WhiteElo "2099"]
[BlackElo "2421"]
[PlyCount "124"]
[EventDate "2017.12.28"]
[EventType "swiss"]
[EventRounds "9"]
[EventCountry "ENG"]
[SourceTitle "CBM 182 Extra"]
[Source "ChessBase"]
[SourceDate "2018.02.23"]
[SourceVersion "1"]
[SourceVersionDate "2018.02.23"]
[SourceQuality "1"]

1. e4 c5 2. Nf3 Nc6 3. Bb5 g6 4. 0-0 Bg7 5. Re1 Nf6 6. e5 Nd5 7. d3 Nc7 8. Bxc6 dxc6 9. h3 h6 10. Nc3 Be6 11. Ne4 b6 12. a3 Qd7 13. Qe2 Nb5 14. c3 Rd8 15. Bf4 0-0 16. Rad1 Bd5 17. Qd2 Bb3 18. Bxh6 Bxd1 19. Rxd1 Nc7 20. Qf4 Qf5 21. Qh4 Bxh6 22. Qxh6 Qh5 23. Qxh5 gxh5 24. Ng3 Ne6 25. Nxh5 Rd7 26. Kf1 Rfd8 27. Ke2 c4 28. d4 c5 29. Ke3 Rd5 30. Ng3 cxd4+ 31. cxd4 Rb5 32. Rd2 Nc7 33. Rc2 Nd5+ 34. Ke4 e6 35. Nd2 f5+ 36. exf6 Nxf6+ 37. Ke3 Nd5+ 38. Ke4 Nf6+ 39. Ke3 e5 40. dxe5 Rxe5+ 41. Kf4 Re7 42. Kg5 Nd5 43. Nde4 Rg7+ 44. Kf5 Rf7+ 45. Kg5 Kh8 46. Nh5 Rg8+ 47. Kh4 Nf4 48. Ng5 Nxg2+ 49. Kg4 Rc7 50. h4 c3 51. Kh3 Ne1 52. Rxc3 Rxc3+ 53. bxc3 Rc8 54. Ne4 Nc2 55. a4 a5 56. Kg4 b5 57. axb5 a4 58. Nd6 Rb8 59. Kf5 Rb6 60. c4 Rxd6 61. Ke5 Rb6 62. Kd5 a3 0-1

[Event "Hastings Masters op 93rd"]
[Site "Hastings"]
[Date "2017.12.31"]
[Round "4"]
[White "Britton, Richard"]
[Black "Wegerle, Joerg"]
[Result "0-1"]
[WhiteElo "2239"]
[BlackElo "2421"]
[PlyCount "134"]
[EventDate "2017.12.28"]
[EventType "swiss"]
[EventRounds "9"]
[EventCountry "ENG"]
[SourceTitle "CBM 182 Extra"]
[Source "ChessBase"]
[SourceDate "2018.02.23"]
[SourceVersion "1"]
[SourceVersionDate "2018.02.23"]
[SourceQuality "1"]

1. e4 e6 2. d3 d5 3. Nd2 Nf6 4. g3 dxe4 5. dxe4 e5 6. Bg2 Bc5 7. Ngf3 0-0 8. 0-0 Nc6 9. Qe2 Qe7 10. c3 a5 11. Nc4 b6 12. Nh4 Bg4 13. Qc2 Rad8 14. Ne3 Bxe3 15. Bxe3 Rd6 16. h3 Bc8 17. Nf5 Bxf5 18. exf5 h6 19. Rfe1 Qd7 20. g4 Re8 21. Be4 Ne7 22. Re2 Ned5 23. Bc1 Nxe4 24. Qxe4 Nf6 25. Qf3 e4 26. Qg3 Rd1+ 27. Kh2 Qd3 28. Qe3 Qd6+ 29. Qg3 Qd3 30. Qe3 Rd8 31. Re1 Qc2 32. Re2 Qd3 33. Re1 Qd6+ 34. Kg2 Qc6 35. Kh2 R8d3 36. Rxd1 Rxd1 37. b3 Rd3 38. Qe2 Qxc3 39. Bb2 Rxh3+ 40. Kg2 Qd3 41. Re1 Qxe2 42. Rxe2 Rd3 43. Bxf6 gxf6 44. Rxe4 Rd2 45. a4 Kf8 46. Re3 Rd4 47. Kg3 c5 48. f3 Rb4 49. Kh4 Kg7 50. Rc3 Rd4 51. Re3 c4 52. bxc4 Rxc4 53. Ra3 Rb4 54. Ra1 h5 55. Kxh5 Rb3 56. Kh4 Rxf3 57. Rb1 Rf4 58. Rxb6 Rxa4 59. Ra6 Ra1 60. g5 Rh1+ 61. Kg4 Rg1+ 62. Kh4 fxg5+ 63. Kh5 Rf1 64. Kxg5 f6+ 65. Kg4 Ra1 66. Ra7+ Kh6 67. Rf7 Ra4+ 0-1

[Event "Hastings Masters op 93rd"]
[Site "Hastings"]
[Date "2017.12.30"]
[Round "3"]
[White "Wegerle, Joerg"]
[Black "Taylor, Adam C"]
[Result "1/2-1/2"]
[WhiteElo "2421"]
[BlackElo "2242"]
[PlyCount "40"]
[EventDate "2017.12.28"]
[EventType "swiss"]
[EventRounds "9"]
[EventCountry "ENG"]
[SourceTitle "CBM 182 Extra"]
[Source "ChessBase"]
[SourceDate "2018.02.23"]
[SourceVersion "1"]
[SourceVersionDate "2018.02.23"]
[SourceQuality "1"]

1. d4 f5 2. Bg5 g6 3. Nc3 Bg7 4. e4 fxe4 5. Qd2 Nf6 6. 0-0-0 d5 7. f3 0-0 8. fxe4 Nxe4 9. Nxe4 dxe4 10. Bc4+ Kh8 11. Ne2 Nc6 12. Qe3 Na5 13. Bb3 Nxb3+ 14. axb3 Bg4 15. Qxe4 Bxe2 16. Qxe2 Qd5 17. h4 h6 18. Be3 e5 19. Qd2 h5 20. dxe5 Qxd2+ 1/2-1/2